| 000 | 00631cam a2200217 4500500 | ||
|---|---|---|---|
| 005 | 20260329003235.0 | ||
| 041 | _afre | ||
| 042 | _adc | ||
| 100 | 1 | 0 |
_aLequin, Mathilde _eauthor |
| 245 | 0 | 0 | _aSept conceptions de la tolérance |
| 260 | _c2015. | ||
| 500 | _a10 | ||
| 690 | _aJohn Locke | ||
| 690 | _aJohn Milton | ||
| 690 | _aKarl Popper | ||
| 690 | _aMichael Walzer | ||
| 690 | _aThomas More | ||
| 690 | _atolérance | ||
| 786 | 0 | _nPhilosophie magazine | 87 | 3 | 2015-03-01 | p. 68-68 | 1951-1787 | |
| 856 | 4 | 1 | _uhttps://shs.cairn.info/magazine-philosophie-magazine-2015-3-page-68?lang=fr&redirect-ssocas=7080 |
| 999 |
_c1822701 _d1822701 |
||